| 000 | 01206nam0a2200265 4500 | ||
|---|---|---|---|
| 001 | RU\NLR\BIBL_A\012101561 | ||
| 005 | 20260628182300.0 | ||
| 035 | _a(NLR Aleph) 012101561 | ||
| 090 |
_a13740445 _c13740445 |
||
| 100 | _a20190925d1986 u y0rusy50 ca | ||
| 101 | 0 | _arus | |
| 102 | _aUA | ||
| 105 | _aa|||g|||000zy | ||
| 200 | 1 |
_aПроектирование гидротехнических сооружений мелиоративных систем _eсправочник _f[В.И. Бондаренко и др.] _gпод ред. В.Д. Дупляка |
|
| 210 |
_aКиев _cБудiвельник _d1986 |
||
| 215 |
_a119 с. _cил. _d20 |
||
| 606 | 1 |
_aИрригационные системы _jСправочники _xГидротехнические сооружения _xПроектирование _91223215 _3RU\NLR\AUTH\66497980 |
|
| 686 | 1 | _aП062.32я22 | |
| 702 | 1 |
_aБондаренко _bВ. И. _gВладимир Иванович _4220 |
|
| 702 | 1 |
_aДупляк _bВ. Д. _fВиталий Дмитриевич _4340 |
|
| 852 |
_aNLR _j85-5/7766 |
||
| 942 | _cBOOK | ||
| 980 | _aNB | ||